Auditing and investigation simplified ( volume 1) : a text book for C.P.A paper 17 ; Auditing papers of other examining bodies and general reading

Saved in:
Bibliographic Details
Main Author: Saleemi, N. A.
Format: Book
Published: Nairobi : N. A. Saleemi publishers, c1995
Subjects:
Tags: Add Tag
No Tags, Be the first to tag this record!

MARC

LEADER 00000nam a2200000 4500
020 |a NA  |c TZS 10,500/= 
040 |a MUL  |b eng.  |e AACR 
082 |a 657.45 SAL 
100 |a Saleemi, N. A. 
245 |a Auditing and investigation simplified ( volume 1) :  |b a text book for C.P.A paper 17 ; Auditing papers of other examining bodies and general reading   |c / N. A. Saleemi,  
260 |a Nairobi :  |b N. A. Saleemi publishers,  |c c1995 
300 |a 599 p. :  |b ill. ;  |c 22 cm. 
546 |a eng. 
650 |a Accounting 
650 |a Financial statements 
942 |c BK 
999 |c 4044  |d 4044